000 00731nam a2200229 a 4500
001 49683
003 BD-RjUL
005 20211209054719.0
008 160822s1974 BG ||||| |||| 00| 0 ben d
020 _c:TK. 4.00
035 _a(BD-RjUL)49803
040 _aBD-RjUL
_bben
_cBD-RjUL
041 _aben
082 _223
_a891.441
_bHAS 1974
100 1 _aহক, কায়সুল
_9146439
245 1 0 _aশব্দের সাঁকো /
_cকায়সুল হক
260 _aঢাকা :
_bএভারনিউ প্রেস,
_c১৯৭৪
300 _a৮০ পৃ ;
_c২১ সেমি.
650 _aবাংলা কবিতা
_9146440
650 _aBengali Poetry
_9146441
942 _2ddc
_cBK
999 _c49683
_d49683